| 000 | 00861nam a22002297a 4500 | ||
|---|---|---|---|
| 999 |
_c13545 _d13545 |
||
| 003 | AR-CdUCM | ||
| 008 | 190415b ||||| |||| 00| 0 spa d | ||
| 040 |
_aMUNICIPALIDAD PROVINCIAL DEL CUSCO _cBIBLIOTECA MUNICIPAL DEL CUSCO |
||
| 082 |
_a985.542 / _bG69 |
||
| 100 |
_aGonzález Carré, Enrique _98149 |
||
| 245 | _aLa ciudad Inca de Vilcashuamán / | ||
| 260 |
_aAyacucho : _bImprenta de la UNSCH, _c1981. |
||
| 300 |
_a85 paginas ; _c27 cm. _bPlanos plegables, |
||
| 505 | _aContenido : Introducción -- Metodología y procedimientos -- el centro poblaciónal de Vilcashuaman -- Ubicación y paisaje... | ||
| 650 |
_aVilcashuaman _932000 |
||
| 650 |
_aConquista española _93376 |
||
| 650 |
_aCatastro urbano _932001 |
||
| 700 |
_aCosmópolis A. Jorge _932002 |
||
| 700 |
_aLévano P. Jorge _932003 |
||
| 942 |
_2ddc _cTESIS |
||
| 945 |
_awnts _d2019-04-15 |
||